| 000 | 00684nam a22002057a 4500 | ||
|---|---|---|---|
| 005 | 20081020151429.0 | ||
| 008 | 081020t xxu||||| |||| 00| 0 eng d | ||
| 010 | _aENG-84488 | ||
| 020 | _a8178842391 | ||
| 020 | _c750.00 (hb) | ||
| 035 | _aEN-68021 | ||
| 082 | _a658.8703 / YOG | ||
| 100 | _aYoginder Singh | ||
| 245 |
_aDictionary of retailing _cby Yoginder Singh |
||
| 260 |
_aNew Delhi _bCyber Tech Publications |
||
| 260 | _c2007 | ||
| 300 |
_a421p _c22cm |
||
| 942 |
_2ddc _cEN _h658.8703 _m YOG |
||
| 999 |
_c17794 _d17794 |
||